[Event "GRENKE Chess Open 2024"]
[Site "Karlsruhe"]
[Date "2024.03.31"]
[Round "6.2"]
[White "Saric, Ivan"]
[Black "Horvath, Dominik"]
[Result "1-0"]
[WhiteElo "2670"]
[BlackElo "2534"]
[Annotator "TA"]
[PlyCount "63"]
[EventDate "2024.03.28"]
[EventType "swiss"]
[EventCountry "GER"]
[SourceTitle "playchess.com"]
[Source "ChessBase"]
[SourceQuality "1"]

1. Nf3 c5 2. e4 Nc6 3. Bb5 e6 4. O-O Nge7 5. Re1 a6 6. Bf1 d5 7. exd5 Nxd5 8. d4 Nf6 9. Be3 cxd4 10. Nxd4 Bd7 11. c4 h5 12. h3 Nxd4 13. Qxd4 Bc6 14. Nc3 Qxd4 15. Bxd4 Be7 16. a3 O-O 17. b4 Rfd8 18. Bb6 Rdc8 19. Rab1 Kf8 20. a4 Nd7 21. Bd4 b6 22. Red1 Rd8 23. Be3 Bf6 24. Rd6 Bxc3 25. Rxc6 a5 26. c5 bxc5 27. bxc5 Rac8 28. Rxc8 Rxc8 29. Rc1 Be5 30. Ba6 Rd8 31. c6 Nb8 32. Bb6 1-0

[Event "GRENKE Chess Open 2024"]
[Site "Karlsruhe"]
[Date "2024.03.31"]
[Round "6.2"]
[White "Fromm, Marius"]
[Black "Svane, Frederik"]
[Result "0-1"]
[WhiteElo "2445"]
[BlackElo "2617"]
[Annotator "TA"]
[PlyCount "70"]
[EventDate "2024.03.28"]
[EventType "swiss"]
[EventCountry "GER"]
[SourceTitle "playchess.com"]
[Source "ChessBase"]
[SourceQuality "1"]

1. e4 c6 2. d4 d5 3. f3 e6 4. Nc3 Nd7 5. Be3 Bb4 6. Bd3 Ne7 7. a3 Ba5 8. Nge2 dxe4 9. fxe4 e5 10. Qd2 O-O 11. O-O-O b5 12. b4 exd4 13. Nxd4 Bb6 14. Nb3 Ng6 15. h4 Nge5 16. Be2 Qe7 17. h5 h6 18. Rh3 Kh7 19. Rg3 Bc7 20. Qe1 a5 21. Nc5 axb4 22. axb4 Bb6 23. Qf2 Nxc5 24. bxc5 Bc7 25. Rd6 Bxd6 26. cxd6 Qxd6 27. Bc5 Qd8 28. Nd1 Be6 29. Ne3 Ra1+ 30. Kb2 Ra2+ 31. Kb1 Qd2 32. Bxf8 Ra1+ 33. Kb2 Qd4+ 34. c3 Qd2+ 35. Kxa1 Qc1# 0-1

[Event "GRENKE Chess Open 2024"]
[Site "Karlsruhe"]
[Date "2024.03.31"]
[Round "6.2"]
[White "Hourigan, Gerrit"]
[Black "Dourerassou, Jonathan"]
[Result "0-1"]
[WhiteElo "2278"]
[BlackElo "2414"]
[Annotator "TA"]
[PlyCount "74"]
[EventDate "2024.03.28"]
[EventType "swiss"]
[EventCountry "GER"]
[SourceTitle "playchess.com"]
[Source "ChessBase"]
[SourceQuality "1"]

1. d4 d5 2. c4 e6 3. Nf3 Nf6 4. Nc3 h6 5. Bf4 Bd6 6. Bxd6 Qxd6 7. e3 O-O 8. Rc1 Qe7 9. h3 Nbd7 10. cxd5 exd5 11. Bd3 c6 12. Qc2 Re8 13. Nd2 b6 14. O-O Bb7 15. Rfe1 c5 16. dxc5 bxc5 17. Na4 c4 18. Be2 Qb4 19. Nf3 Rab8 20. Nd4 Ne5 21. b3 Ba6 22. Qc3 Qd6 23. Qa5 Ne4 24. Red1 Qf6 25. f4 Nd3 26. Bxd3 cxd3 27. Rc6 Qh4 28. Qxa6 Qf2+ 29. Kh2 Qg3+ 30. Kg1 Qxe3+ 31. Kh2 Qxf4+ 32. Kg1 Nf2 33. Nf3 Nxd1 34. Qxd3 Ne3 35. Nc3 Qg3 36. Qd2 d4 37. Nxd4 Rbd8 0-1

[Event "GRENKE Chess Open 2024"]
[Site "Karlsruhe"]
[Date "2024.03.31"]
[Round "6.3"]
[White "Kamsky, Gata"]
[Black "Kilic, Eray"]
[Result "1-0"]
[WhiteElo "2616"]
[BlackElo "2439"]
[Annotator "TA"]
[PlyCount "63"]
[EventDate "2024.03.28"]
[EventType "swiss"]
[EventCountry "GER"]
[SourceTitle "playchess.com"]
[Source "ChessBase"]
[SourceQuality "1"]

1. e4 c5 2. Nf3 d6 3. Bc4 Nc6 4. c3 Nf6 5. d3 e6 6. O-O Be7 7. Bb3 O-O 8. Re1 e5 9. Nbd2 h6 10. a4 Be6 11. Nf1 Qd7 12. Ng3 Rad8 13. Bxe6 fxe6 14. Qe2 Qe8 15. Be3 Ng4 16. Bd2 Qg6 17. h3 Nf6 18. b4 b6 19. b5 Na5 20. Rab1 c4 21. d4 Nd7 22. Rbd1 Rfe8 23. Be3 exd4 24. Rxd4 Nc5 25. e5 h5 26. exd6 Bf6 27. Nh4 Qf7 28. Nxh5 Bxd4 29. Bxd4 e5 30. Bxc5 bxc5 31. Qg4 Rxd6 32. Nxg7 1-0

[Event "GRENKE Chess Open 2024"]
[Site "Karlsruhe"]
[Date "2024.03.31"]
[Round "6.3"]
[White "Maurizzi, Marc`Andria"]
[Black "Kollars, Dmitrij"]
[Result "1/2-1/2"]
[WhiteElo "2602"]
[BlackElo "2629"]
[Annotator "TA"]
[PlyCount "43"]
[EventDate "2024.03.28"]
[EventType "swiss"]
[EventCountry "GER"]
[SourceTitle "playchess.com"]
[Source "ChessBase"]
[SourceQuality "1"]

1. e4 e5 2. Nf3 Nc6 3. Bc4 Bc5 4. c3 Nf6 5. d3 d6 6. O-O a6 7. Re1 O-O 8. Nbd2 Ba7 9. Nf1 Na5 10. Bb3 Nxb3 11. axb3 h6 12. Ng3 Re8 13. h3 Bd7 14. Bd2 Bb6 15. Qc1 Nh7 16. Be3 Bxe3 17. Rxe3 a5 18. d4 Ng5 19. Qd2 b6 20. d5 Nxf3+ 21. Rxf3 Qg5 22. Qxg5 1/2-1/2

[Event "GRENKE Chess Open 2024"]
[Site "Karlsruhe"]
[Date "2024.03.31"]
[Round "6.3"]
[White "Gnojek, Petr"]
[Black "Kniest, Oliver"]
[Result "1-0"]
[WhiteElo "2414"]
[BlackElo "2262"]
[Annotator "TA"]
[PlyCount "44"]
[EventDate "2024.03.28"]
[EventType "swiss"]
[EventCountry "GER"]
[SourceTitle "playchess.com"]
[Source "ChessBase"]
[SourceQuality "1"]

1. d4 Nf6 2. c4 e6 3. Nf3 d5 4. Nc3 Nbd7 5. cxd5 exd5 6. Bg5 Bb4 7. e3 c5 8. Qc2 Qa5 9. Bd3 c4 10. Bf5 O-O 11. O-O Re8 12. a3 Bxc3 13. Qxc3 Qxc3 14. bxc3 Ne4 15. Bxe4 dxe4 16. Nd2 Nb6 17. a4 a5 18. Rfb1 Ra6 19. Bf4 Bd7 20. Ra3 Bc6 21. h4 h5 22. Kh2 Re6 1-0

[Event "GRENKE Chess Open 2024"]
[Site "Karlsruhe"]
[Date "2024.03.31"]
[Round "6.4"]
[White "Ben Ari, Yannay"]
[Black "Yoo, Christopher Woojin"]
[Result "0-1"]
[WhiteElo "2434"]
[BlackElo "2583"]
[Annotator "TA"]
[PlyCount "130"]
[EventDate "2024.03.28"]
[EventType "swiss"]
[EventCountry "GER"]
[SourceTitle "playchess.com"]
[Source "ChessBase"]
[SourceQuality "1"]

1. Nf3 c5 2. c4 b6 3. g3 Bb7 4. Bg2 Nf6 5. O-O e6 6. d4 cxd4 7. Qxd4 Be7 8. Nc3 O-O 9. Rd1 Nc6 10. Qf4 Qc8 11. b3 Nh5 12. Qd2 Rd8 13. Bb2 Nf6 14. Rac1 Qb8 15. Nd5 exd5 16. cxd5 Na5 17. b4 Nc6 18. b5 Na5 19. Nh4 Rc8 20. Nf5 Rxc1 21. Nxe7+ Kf8 22. Qxc1 Kxe7 23. d6+ Kf8 24. Bxf6 Bxg2 25. Kxg2 Qe8 26. Be7+ Kg8 27. Qc7 f6 28. Rc1 h6 29. Rc3 Kh8 30. h4 h5 31. Rc1 Kg8 32. Kh2 Kh8 33. Kg1 Kg8 34. Kg2 Kh8 35. Qc2 Nb7 36. Qf5 Nc5 37. Rd1 Rc8 38. Rd5 Ne6 39. Qd3 Kg8 40. Qb3 Qg6 41. Rd4 Kh7 42. Ra4 Nc5 43. Qc4 Nxa4 44. Qxc8 Qe4+ 45. Kg1 Nc5 46. Qf8 Qb1+ 47. Kg2 Qxa2 48. Qa8 Qxe2 49. Qxa7 Qxb5 50. Qa2 Qb3 51. Qe2 Qd5+ 52. Kg1 Nd3 53. Bxf6 gxf6 54. Qe7+ Kg6 55. Qe8+ Kg7 56. Qxd7+ Qf7 57. Qc7 Ne5 58. Qxb6 Qd5 59. Qc7+ Kg6 60. Qe7 Kf5 61. Qd8 Kg4 62. Qc8+ f5 63. Qc1 Nf3+ 64. Kf1 Kh3 65. Ke2 Nd4+ 0-1

[Event "GRENKE Chess Open 2024"]
[Site "Karlsruhe"]
[Date "2024.03.31"]
[Round "6.4"]
[White "Gentemann, Moritz"]
[Black "Lumachi, Gabriele"]
[Result "0-1"]
[WhiteElo "2276"]
[BlackElo "2413"]
[Annotator "RC"]
[PlyCount "180"]
[EventDate "2024.03.28"]
[EventType "swiss"]
[EventCountry "GER"]
[SourceTitle "playchess.com"]
[Source "ChessBase"]
[SourceQuality "1"]

1. c4 e5 2. Nc3 Bb4 3. Qc2 a5 4. Nf3 d6 5. d4 Nd7 6. Bg5 f6 7. Bd2 Ne7 8. e3 O-O 9. a3 Bxc3 10. Bxc3 Ng6 11. h4 exd4 12. Nxd4 Nc5 13. Be2 f5 14. h5 Ne5 15. h6 g6 16. Nb3 Ne4 17. Nd2 Nxc3 18. Qxc3 Qf6 19. f4 Nd7 20. Qxf6 Nxf6 21. Bf3 Kf7 22. Rc1 c6 23. c5 dxc5 24. Rxc5 Be6 25. e4 Rfd8 26. e5 Nd7 27. Rc3 Nb6 28. g3 Ke7 29. Rh2 Rd7 30. Nb3 Na4 31. Nc5 Nxc5 32. Rxc5 Rd3 33. Rc3 Rad8 34. Rhc2 R3d4 35. Rc1 g5 36. fxg5 Rg8 37. Rd1 Rxd1+ 38. Bxd1 Rxg5 39. Bb3 Rg6 40. Bxe6 Rxe6 41. a4 Rxe5+ 42. Kf2 Kf6 43. Rb3 Re7 44. Rc3 Re4 45. b3 Rb4 46. Rc5 Rxb3 47. Rxa5 Kg5 48. Rc5 Rb4 49. Ra5 Kxh6 50. Ra7 Kg5 51. a5 h5 52. a6 Rb2+ 53. Kf3 Rb3+ 54. Kf2 bxa6 55. Rxa6 c5 56. Rc6 Rc3 57. Rc8 c4 58. Ke2 Rxg3 59. Rxc4 h4 60. Kf2 Rg4 61. Rc8 h3 62. Rg8+ Kf4 63. Rh8 Rg2+ 64. Kf1 Rg3 65. Kf2 Rf3+ 66. Kg1 Ke3 67. Re8+ Kd3 68. Rd8+ Ke2 69. Re8+ Re3 70. Rf8 Rg3+ 71. Kh2 Rf3 72. Ra8 f4 73. Ra2+ Kd3 74. Ra4 Ke3 75. Ra3+ Ke4 76. Ra4+ Kf5 77. Ra8 Re3 78. Rf8+ Ke4 79. Rh8 Kd3 80. Rf8 Ke4 81. Rh8 Kd3 82. Rf8 Rf3 83. Re8 Kd2 84. Re7 Re3 85. Rf7 f3 86. Kxh3 Ke1 87. Kh2 f2 88. Kg2 Re2 89. Kh1 Re8 90. Kg2 Rg8+ 0-1

[Event "GRENKE Chess Open 2024"]
[Site "Karlsruhe"]
[Date "2024.03.31"]
[Round "6.5"]
[White "Gavrilescu, David"]
[Black "Sjugirov, Sanan"]
[Result "1/2-1/2"]
[WhiteElo "2524"]
[BlackElo "2690"]
[Annotator "TA"]
[PlyCount "24"]
[EventDate "2024.03.28"]
[EventType "swiss"]
[EventCountry "GER"]
[SourceTitle "playchess.com"]
[Source "ChessBase"]
[SourceQuality "1"]

1. e4 c5 2. Nf3 d6 3. d4 cxd4 4. Nxd4 Nf6 5. Nc3 a6 6. Be3 e5 7. Nf3 Be7 8. Bc4 Be6 9. Bb3 Nbd7 10. O-O Rc8 11. Nh4 g6 12. Nf3 h6 1/2-1/2

[Event "GRENKE Chess Open 2024"]
[Site "Karlsruhe"]
[Date "2024.03.31"]
[Round "6.5"]
[White "Petkidis, Anthony"]
[Black "Ivic, Velimir"]
[Result "0-1"]
[WhiteElo "2423"]
[BlackElo "2582"]
[Annotator "TA"]
[PlyCount "76"]
[EventDate "2024.03.28"]
[EventType "swiss"]
[EventCountry "GER"]
[SourceTitle "playchess.com"]
[Source "ChessBase"]
[SourceQuality "1"]

1. e4 c5 2. Nf3 d6 3. d4 cxd4 4. Nxd4 Nf6 5. Nc3 a6 6. f3 e5 7. Nb3 Be6 8. Be3 Be7 9. Qd2 h5 10. Be2 Nbd7 11. Nd5 Bxd5 12. exd5 Qc7 13. Rc1 h4 14. c4 Nh5 15. g4 Nf4 16. Bxf4 exf4 17. Qxf4 Bf6 18. Qe3+ Kf8 19. Qd2 g6 20. g5 Bg7 21. O-O Re8 22. Rf2 Qb6 23. Rd1 h3 24. f4 Rh4 25. Bf1 a5 26. Kh1 a4 27. c5 dxc5 28. Na5 Bd4 29. Rf3 Qd6 30. Bxh3 Nb6 31. b4 axb3 32. axb3 Nxd5 33. Nxb7 Qc6 34. Na5 Qc7 35. f5 Re3 36. Rxe3 Nxe3 37. Rc1 Rxh3 38. Qxd4 Qxh2# 0-1

[Event "GRENKE Chess Open 2024"]
[Site "Karlsruhe"]
[Date "2024.03.31"]
[Round "6.5"]
[White "Nemec, Jachym"]
[Black "Gallana, Marco"]
[Result "1-0"]
[WhiteElo "2412"]
[BlackElo "2258"]
[Annotator "TA"]
[PlyCount "79"]
[EventDate "2024.03.28"]
[EventType "swiss"]
[EventCountry "GER"]
[SourceTitle "playchess.com"]
[Source "ChessBase"]
[SourceQuality "1"]

1. Nf3 Nf6 2. c4 g6 3. Nc3 Bg7 4. e4 e5 5. Nxe5 O-O 6. Nf3 Re8 7. d3 d5 8. cxd5 Nxd5 9. Bd2 Bg4 10. Be2 Bxf3 11. gxf3 Nb4 12. Be3 N8c6 13. a3 Na6 14. Nb5 Nd4 15. Nxd4 Bxd4 16. h4 Nc5 17. Qc2 Qf6 18. f4 Rad8 19. h5 Bxb2 20. Rb1 Bd4 21. e5 Qc6 22. Rg1 Qd5 23. Kf1 Kg7 24. Rb4 Ne6 25. f5 c5 26. Ra4 Nf8 27. Bxd4 cxd4 28. f4 Rc8 29. Qb2 Qd7 30. Rxd4 Qc6 31. Kf2 Qc5 32. Qb4 Qc2 33. hxg6 hxg6 34. Qxb7 Rb8 35. Qe4 Qc5 36. Qd5 Qc2 37. fxg6 Nxg6 38. f5 Rbd8 39. f6+ Kf8 40. Qxd8 1-0

[Event "GRENKE Chess Open 2024"]
[Site "Karlsruhe"]
[Date "2024.03.31"]
[Round "6.6"]
[White "Niemann, Hans Moke"]
[Black "Costa, Leonardo"]
[Result "1-0"]
[WhiteElo "2676"]
[BlackElo "2479"]
[Annotator "TA"]
[PlyCount "97"]
[EventDate "2024.03.28"]
[EventType "swiss"]
[EventCountry "GER"]
[SourceTitle "playchess.com"]
[Source "ChessBase"]
[SourceQuality "1"]

1. e4 c6 2. d4 d5 3. e5 Bf5 4. Nd2 e6 5. Nb3 a6 6. Nf3 c5 7. dxc5 Bxc5 8. Nxc5 Qa5+ 9. c3 Qxc5 10. Nd4 Ne7 11. Qa4+ Nbc6 12. Be3 Qa5 13. Qxa5 Nxa5 14. b3 Nac6 15. f4 Nxd4 16. Bxd4 Be4 17. O-O-O Nf5 18. Bf2 h5 19. Rg1 Rc8 20. Kb2 h4 21. Be2 Ke7 22. Bg4 Rc6 23. a4 Rc7 24. Rd2 Rcc8 25. a5 Rc6 26. Bh3 g6 27. Bg4 Kf8 28. Be2 Kg7 29. Bg4 Rhc8 30. Rc1 Rh8 31. Bh3 Rc7 32. Bg4 Rc6 33. Bb6 Rhc8 34. Rf2 Nh6 35. Be2 Nf5 36. Bf1 Ne7 37. Rd2 Nf5 38. c4 dxc4 39. bxc4 g5 40. fxg5 Kg6 41. Kb3 Bd5 42. Bd3 Kxg5 43. cxd5 Rxc1 44. d6 R1c6 45. Be4 Rxb6+ 46. axb6 Kf4 47. Bxb7 Rd8 48. d7 Kxe5 49. Bc8 1-0

[Event "GRENKE Chess Open 2024"]
[Site "Karlsruhe"]
[Date "2024.03.31"]
[Round "6.6"]
[White "Nasuta, Grzegorz"]
[Black "Pasti, Aron"]
[Result "1/2-1/2"]
[WhiteElo "2552"]
[BlackElo "2373"]
[Annotator "TA"]
[PlyCount "45"]
[EventDate "2024.03.28"]
[EventType "swiss"]
[EventCountry "GER"]
[SourceTitle "playchess.com"]
[Source "ChessBase"]
[SourceQuality "1"]

1. e4 e5 2. Nf3 Nc6 3. d4 exd4 4. Nxd4 Bc5 5. Nb3 Bb6 6. Nc3 Nge7 7. Bg5 f6 8. Bh4 O-O 9. Qd2 a5 10. a4 d5 11. Nxd5 Nxd5 12. Bc4 Ncb4 13. O-O Be6 14. exd5 Nxd5 15. Nd4 Bf7 16. Nf5 Qd7 17. Bxd5 Qxf5 18. Rad1 Qg4 19. Bg3 Rad8 20. Qf4 Bxf2+ 21. Kxf2 Qxf4+ 22. Bxf4 Rxd5 23. Rh1 1/2-1/2

[Event "GRENKE Chess Open 2024"]
[Site "Karlsruhe"]
[Date "2024.03.31"]
[Round "6.6"]
[White "Fichter, Fabian"]
[Black "Krause, Benedict"]
[Result "1-0"]
[WhiteElo "2274"]
[BlackElo "2406"]
[Annotator "RC"]
[PlyCount "85"]
[EventDate "2024.03.28"]
[EventType "swiss"]
[EventCountry "GER"]
[SourceTitle "playchess.com"]
[Source "ChessBase"]
[SourceQuality "1"]

1. e4 c5 2. Nf3 e6 3. b3 a6 4. g3 d5 5. exd5 exd5 6. Qe2+ Qe7 7. Bb2 Nf6 8. Bg2 Nc6 9. d3 Qxe2+ 10. Kxe2 Bg4 11. Re1 O-O-O 12. Kf1 Bxf3 13. Bxf3 Nd4 14. Bd1 Bd6 15. Nd2 Rhe8 16. Rxe8 Rxe8 17. Nf3 Nxf3 18. Bxf3 Be5 19. c3 b5 20. Rc1 Kd7 21. a3 a5 22. d4 cxd4 23. cxd4 Bd6 24. Be2 Rb8 25. Rc2 b4 26. a4 Rc8 27. Bb5+ Kd8 28. Rxc8+ Kxc8 29. f3 Kd8 30. Bc1 Ke7 31. Be3 Nd7 32. Ke2 Ke6 33. Ba6 f5 34. Bc8 g6 35. Bg5 Be7 36. Bf4 Bd6 37. Ke3 Ke7 38. Bxd6+ Kxd6 39. Bxd7 Kxd7 40. Kf4 Ke6 41. Kg5 Kf7 42. Kh6 Kg8 43. h4 1-0

[Event "GRENKE Chess Open 2024"]
[Site "Karlsruhe"]
[Date "2024.03.31"]
[Round "6.7"]
[White "Parkhov, Yair"]
[Black "Anton Guijarro, David"]
[Result "0-1"]
[WhiteElo "2518"]
[BlackElo "2671"]
[Annotator "TA"]
[PlyCount "92"]
[EventDate "2024.03.28"]
[EventType "swiss"]
[EventCountry "GER"]
[SourceTitle "playchess.com"]
[Source "ChessBase"]
[SourceQuality "1"]

1. d4 d5 2. c4 e6 3. Nc3 Bb4 4. e3 Nf6 5. a3 Bxc3+ 6. bxc3 c6 7. Bd3 e5 8. Ne2 Nbd7 9. O-O e4 10. Bc2 Nb6 11. cxd5 cxd5 12. f3 Bf5 13. Ng3 Bg6 14. fxe4 dxe4 15. c4 Nxc4 16. Ba4+ Kf8 17. Rb1 Nd6 18. Bd2 Kg8 19. Bb4 Nd5 20. Qb3 Nxb4 21. Qxb4 h5 22. Ne2 Rc8 23. Nf4 b6 24. Nxg6 fxg6 25. Qb3+ Kh7 26. Qe6 Nc4 27. Rf7 Qg5 28. Kh1 Nxe3 29. Qxe4 Nf5 30. Qe1 Rc4 31. Bb5 Rc2 32. Bf1 Rhc8 33. Qe5 Rc1 34. Rxc1 Rxc1 35. Kg1 Qe3+ 36. Qxe3 Nxe3 37. Rf3 Nxf1 38. Rxf1 Rxf1+ 39. Kxf1 Kg8 40. Ke2 Kf7 41. Kd3 b5 42. Kc3 a5 43. Kb3 Ke6 44. a4 bxa4+ 45. Kxa4 Kd5 46. Kxa5 Kxd4 0-1

[Event "GRENKE Chess Open 2024"]
[Site "Karlsruhe"]
[Date "2024.03.31"]
[Round "6.7"]
[White "Eugene, Floryan"]
[Black "Erdogmus, Yagiz Kaan"]
[Result "0-1"]
[WhiteElo "2422"]
[BlackElo "2540"]
[Annotator "TA"]
[PlyCount "70"]
[EventDate "2024.03.28"]
[EventType "swiss"]
[EventCountry "GER"]
[SourceTitle "playchess.com"]
[Source "ChessBase"]
[SourceQuality "1"]

1. e4 c6 2. Nf3 d5 3. d3 g6 4. Nbd2 Bg7 5. d4 dxe4 6. Nxe4 Nf6 7. Nxf6+ exf6 8. Bc4 O-O 9. O-O Nd7 10. a4 Nb6 11. Bb3 a5 12. h3 Nd5 13. c4 Nb4 14. Be3 Bf5 15. d5 Be4 16. d6 Bd3 17. c5 Bxf1 18. Qxf1 Re8 19. Rd1 Qd7 20. Qc4 Nd5 21. Rxd5 cxd5 22. Qb5 Qxb5 23. axb5 Rad8 24. Bxd5 b6 25. Bc6 Rxe3 26. fxe3 bxc5 27. d7 f5 28. Nd2 Bxb2 29. b6 Kf8 30. Nc4 Bc3 31. Nd6 Ke7 32. Nb5 Be5 33. Nc7 Rxd7 34. Bxd7 Kxd7 35. Na6 Kc6 0-1

[Event "GRENKE Chess Open 2024"]
[Site "Karlsruhe"]
[Date "2024.03.31"]
[Round "6.7"]
[White "Decuigniere, Tom"]
[Black "Kaufeld, Juergen"]
[Result "1/2-1/2"]
[WhiteElo "2402"]
[BlackElo "2257"]
[Annotator "TA"]
[PlyCount "34"]
[EventDate "2024.03.28"]
[EventType "swiss"]
[EventCountry "GER"]
[SourceTitle "playchess.com"]
[Source "ChessBase"]
[SourceQuality "1"]

1. d4 Nf6 2. c4 g6 3. Nc3 d5 4. Bf4 Bg7 5. e3 O-O 6. Rc1 c5 7. dxc5 Be6 8. Nf3 Nc6 9. Be2 dxc4 10. Qxd8 Nxd8 11. O-O Rc8 12. Na4 Ne4 13. Bxc4 Nxc5 14. Nxc5 Rxc5 15. Bxe6 Nxe6 16. Rxc5 Nxc5 17. Rc1 b6 1/2-1/2

[Event "GRENKE Chess Open 2024"]
[Site "Karlsruhe"]
[Date "2024.03.31"]
[Round "6.8"]
[White "Bluebaum, Matthias"]
[Black "Knuedel, Torben"]
[Result "1-0"]
[WhiteElo "2655"]
[BlackElo "2299"]
[Annotator "TA"]
[PlyCount "105"]
[EventDate "2024.03.28"]
[EventType "swiss"]
[EventCountry "GER"]
[SourceTitle "playchess.com"]
[Source "ChessBase"]
[SourceQuality "1"]

1. d4 Nf6 2. c4 e6 3. g3 d5 4. Bg2 Be7 5. Nf3 O-O 6. Qd3 a5 7. O-O c6 8. Nbd2 b5 9. c5 Nbd7 10. Qc2 b4 11. e4 dxe4 12. Nxe4 Nxe4 13. Qxe4 Ba6 14. Re1 Rc8 15. Qc2 Re8 16. a3 bxa3 17. Rxa3 Bb5 18. Bf4 Nf6 19. Rea1 a4 20. b3 axb3 21. Qxb3 Qd5 22. Qc2 Qe4 23. Qxe4 Nxe4 24. Ne5 Nf6 25. Ra7 Nd5 26. Bf1 f6 27. Nd7 Bxf1 28. Kxf1 e5 29. dxe5 fxe5 30. Be3 h5 31. Kg2 Red8 32. Kh3 Nxe3 33. fxe3 Bg5 34. e4 Be3 35. Kh4 Re8 36. Kxh5 Re6 37. Kg4 Bd4 38. Rb1 Rce8 39. Rbb7 Rh6 40. h4 Rg6+ 41. Kf3 Kh7 42. g4 Kh6 43. g5+ Kh5 44. Nf6+ Rxf6+ 45. gxf6 Rf8 46. Rf7 Rxf7 47. Rxf7 gxf6 48. Rxf6 Bxc5 49. Rxc6 Bb4 50. Re6 Bc3 51. Kg3 Be1+ 52. Kh3 Bg3 53. Re8 1-0

[Event "GRENKE Chess Open 2024"]
[Site "Karlsruhe"]
[Date "2024.03.31"]
[Round "6.8"]
[White "Tiglon, Bryce"]
[Black "Shevchenko, Kirill"]
[Result "1/2-1/2"]
[WhiteElo "2509"]
[BlackElo "2670"]
[Annotator "TA"]
[PlyCount "274"]
[EventDate "2024.03.28"]
[EventType "swiss"]
[EventCountry "GER"]
[SourceTitle "playchess.com"]
[Source "ChessBase"]
[SourceQuality "1"]

1. e4 e5 2. Nf3 Nc6 3. Bb5 a6 4. Ba4 Nf6 5. O-O b5 6. Bb3 Bc5 7. a4 Bb7 8. c3 d6 9. d4 Bb6 10. Re1 O-O 11. Bg5 h6 12. Bh4 Re8 13. axb5 axb5 14. Rxa8 Bxa8 15. d5 Na7 16. Nbd2 Kh8 17. Bxf6 Qxf6 18. Nf1 Bb7 19. Qd3 Bc8 20. Ng3 Bd7 21. Nh5 Qg6 22. Ng3 Rb8 23. Bc2 Nc8 24. Qe2 Bg4 25. Bd3 Qf6 26. Nf5 b4 27. cxb4 Ra8 28. h3 Bxf3 29. Qxf3 Ne7 30. Nxe7 Qxe7 31. Bc4 Bd4 32. Re2 Ra1+ 33. Kh2 g6 34. g3 Kg7 35. h4 h5 36. Kg2 Qd7 37. Rc2 Bb6 38. b5 Qc8 39. Rd2 Rc1 40. Bd3 Ra1 41. Qe2 Qa8 42. Rd1 Ra4 43. Bc4 Bd4 44. Rc1 Qa5 45. Rc2 Ra1 46. Qd2 Qa7 47. Bd3 Bb6 48. Bc4 Rb1 49. b3 Ra1 50. b4 Qa3 51. Ra2 Qc1 52. Qxc1 Rxc1 53. Bd3 Rc3 54. Bc2 Bd4 55. Kf1 Rc4 56. Bd3 Rxb4 57. Ke2 Rb3 58. Rc2 Bb6 59. Ra2 Rb4 60. f3 Kf6 61. g4 g5 62. hxg5+ Kxg5 63. gxh5 Kxh5 64. Kd2 Bd4 65. Rc2 Bc5 66. Kc3 Ra4 67. Rg2 Ra3+ 68. Kc4 Kh6 69. Be2 Bb6 70. Kb4 Bc5+ 71. Kc4 Bd4 72. Kb4 Re3 73. Ka5 Ra3+ 74. Kb4 Ra2 75. Kb3 Rb2+ 76. Kc4 Kh7 77. Bf1 Rb1 78. Be2 Rc1+ 79. Kb3 Bc5 80. Kb2 Re1 81. Kc2 Ra1 82. Kb2 Ra3 83. Kc2 Bd4 84. Kd2 Rb3 85. Kc2 Rb2+ 86. Kc1 Ra2 87. Kd1 Kh6 88. Rg8 Bc3 89. Bc4 Rd2+ 90. Kc1 Rf2 91. Rg3 Kh7 92. Kd1 Rd2+ 93. Kc1 Bb4 94. Rg4 Rf2 95. Rg3 Ba5 96. Kd1 Rd2+ 97. Kc1 Kh6 98. Rg4 Rf2 99. Rg3 f6 100. Kd1 Rd2+ 101. Kc1 Kh5 102. Rg7 Rf2 103. Kd1 Kh6 104. Rg3 Rb2 105. Kc1 Rd2 106. Rg8 Rf2 107. Rg3 Bb6 108. Kd1 Rb2 109. Kc1 Bd4 110. Kd1 Be3 111. Rg8 Kh7 112. Rg3 Bf4 113. Rg4 Be3 114. Ke1 Rb1+ 115. Ke2 Bg5 116. Bd3 Rb2+ 117. Kf1 Kg7 118. Rg2 Rb3 119. Ke2 Kf8 120. Bc4 Re3+ 121. Kf2 Rc3 122. Be2 Bf4 123. Rg4 Kf7 124. Rh4 Be3+ 125. Kf1 Rc1+ 126. Kg2 Rg1+ 127. Kh2 Re1 128. Bd3 Rd1 129. Bc4 Rd2+ 130. Kh3 Bb6 131. Rg4 Rf2 132. Rg3 Be3 133. Kg4 Kg6 134. Kh3+ Kh6 135. Rg2 Rxf3+ 136. Rg3 Rxg3+ 137. Kxg3 f5 1/2-1/2

[Event "GRENKE Chess Open 2024"]
[Site "Karlsruhe"]
[Date "2024.03.31"]
[Round "6.8"]
[White "Ramirez Marin, Ivan"]
[Black "Braun, Georg"]
[Result "1-0"]
[WhiteElo "2272"]
[BlackElo "2398"]
[Annotator "TA"]
[PlyCount "131"]
[EventDate "2024.03.28"]
[EventType "swiss"]
[EventCountry "GER"]
[SourceTitle "playchess.com"]
[Source "ChessBase"]
[SourceQuality "1"]

1. c4 b6 2. d4 Bb7 3. Nc3 e6 4. a3 Nf6 5. d5 exd5 6. cxd5 Bd6 7. Nf3 O-O 8. g3 Re8 9. Bg2 c5 10. O-O Bf8 11. Nd2 d6 12. e4 Nbd7 13. f4 Ba6 14. Re1 c4 15. b4 cxb3 16. Nxb3 Rc8 17. Bb2 Nc5 18. Nxc5 Rxc5 19. e5 dxe5 20. fxe5 Nd7 21. e6 Nf6 22. Ne4 Nxe4 23. Bxe4 f5 24. Bg2 Bb7 25. Re5 g6 26. Rxf5 Rb5 27. Rxf8+ Rxf8 28. Qd4 Rxb2 29. Qxb2 Qd6 30. Qd4 Bc8 31. Re1 Re8 32. Qf6 Rf8 33. Qe5 Qxe5 34. Rxe5 Kg7 35. e7 Re8 36. d6 Bd7 37. Bd5 Kf6 38. Re4 b5 39. Kf2 Rc8 40. Ke3 Rc1 41. Kd4 Rd1+ 42. Kc5 Rc1+ 43. Kb4 Rd1 44. Bb3 Rxd6 45. e8=Q Bxe8 46. Rxe8 a6 47. Rh8 h5 48. Rg8 Rd4+ 49. Kc3 Rd6 50. Bc2 Rc6+ 51. Kd2 Kf7 52. Ra8 Kf6 53. Be4 Rb6 54. Ke3 Kg5 55. Rc8 Kg4 56. Rc2 a5 57. Rf2 Kh3 58. Kd4 b4 59. Kc5 Re6 60. Bc6 Re5+ 61. Kd6 Rg5 62. Bd7+ Rg4 63. Bxg4+ hxg4 64. axb4 axb4 65. Rb2 g5 66. Rxb4 1-0

[Event "GRENKE Chess Open 2024"]
[Site "Karlsruhe"]
[Date "2024.03.31"]
[Round "6.9"]
[White "Mishra, Abhimanyu"]
[Black "Feuerstack, Aljoscha"]
[Result "1-0"]
[WhiteElo "2627"]
[BlackElo "2471"]
[Annotator "TA"]
[PlyCount "141"]
[EventDate "2024.03.28"]
[EventType "swiss"]
[EventCountry "GER"]
[SourceTitle "playchess.com"]
[Source "ChessBase"]
[SourceQuality "1"]

1. e4 c5 2. Nf3 e6 3. d4 cxd4 4. Nxd4 Nf6 5. Nc3 Nc6 6. Bf4 Bb4 7. Ndb5 O-O 8. Bc7 Qe7 9. Bd6 Bxd6 10. Qxd6 Qd8 11. O-O-O a6 12. Nd4 Ne7 13. h4 b5 14. a3 Bb7 15. f3 Ne8 16. Qf4 Rc8 17. g4 Qc7 18. Qg5 d5 19. e5 Nc6 20. Nxc6 Bxc6 21. Qe3 f6 22. exf6 e5 23. fxg7 Rf4 24. Qc5 Nf6 25. Bd3 d4 26. g5 Bxf3 27. Qxc7 Rxc7 28. gxf6 Bxh1 29. Rg1 Rc8 30. Ne2 Rxf6 31. Rxh1 Rf3 32. Kd2 Rc7 33. Ra1 Kxg7 34. a4 Rh3 35. axb5 axb5 36. Rg1+ Kf6 37. Rf1+ Kg7 38. Rf5 Re7 39. Rg5+ Kf6 40. Rh5 e4 41. Bxb5 Re5 42. Rh6+ Kg7 43. Rb6 Rh2 44. Bc4 Rc5 45. b3 Ra5 46. b4 Ra3 47. Rd6 e3+ 48. Kc1 Ra4 49. Nxd4 Rh1+ 50. Kb2 Rxb4+ 51. Kc3 Rb8 52. Nf5+ Kh8 53. Re6 Rf8 54. Bd3 Rh3 55. Rxe3 Rxe3 56. Nxe3 Rf4 57. Nf5 Kg8 58. Kd2 Kf7 59. Ke3 Ra4 60. c4 Ke6 61. Kd4 Ra1 62. Ne3 Rh1 63. Bxh7 Rxh4+ 64. Be4 Kd7 65. c5 Kc7 66. Nd5+ Kc6 67. Nc3+ Kd7 68. Kc4 Rh2 69. c6+ Kc7 70. Kc5 Rh6 71. Nb5+ 1-0